Statistics for Wards of Glasgow

Click here to take the quiz!

General Stats

  • This quiz has been taken 34 times
  • The average score is 6 of 23

Answer Stats

Location with respect to River ClydeAnswer% Correct
SouthGovan
81%
NorthDrumchapel/Anniesland
61%
NorthSpringburn/Robroyston
52%
NorthMaryhill
48%
SouthPollokshields
48%
NorthYorkhill/Anderson/City
48%
NorthShettleston
45%
NorthHillhead
35%
NorthCalton
26%
NorthDennistoun
26%
NorthBaillieston
23%
SouthLangside
23%
SouthCardonald
19%
SouthLinn
19%
NorthCanal
16%
NorthPartick East/Kelvindale
16%
SouthNewlands/Αuldburn
13%
NorthGarscadden/Scotstounhill
10%
SouthGreater Pollok
10%
NorthEast Centre
6%
NorthNorth East
6%
SouthSouthside Central
6%
NorthVictoria Park
3%

Score Distribution

Percentile by Number Answered

Percent of People with Each Score

Your Score History

You have not taken this quiz